| 000 | 01083nam a2200301 4500 | ||
|---|---|---|---|
| 003 | EG-GICUC | ||
| 005 | 20260407234117.0 | ||
| 008 | 260328t2008 ua|||||f |||| 00| 0 ara d | ||
| 040 |
_a EG-GICUC _bara _c EG-GICUC _d EG-GICUC _erda |
||
| 043 | _af-ua--- | ||
| 082 | 0 | 4 |
_221 _a343.431 |
| 092 | 0 | 4 | _221 |
| 099 | _aLaw1 10 343.431 س ا . ا 2008 | ||
| 100 | 0 | _aسامي حامد عياد | |
| 245 | 1 | 0 |
_aاستخدام تكنولوجيا المعلومات في مكافحة الإرهاب / _cسامي حامد عياد |
| 264 |
_aالإسكندرية: _bدار الفكر الجامعي; _c2008. |
||
| 300 |
_a499 صفحة _c24 سم _bإيضاحيات، صور، مثيليات ؛ |
||
| 336 |
_2rda content _atext |
||
| 337 |
_2rda media _aComputer |
||
| 338 |
_2rda carrier _aOnline Resource |
||
| 500 | _aيتمل على ملاحق | ||
| 504 | _a. 240-220 ببليوجرافيا: صفحات. | ||
| 650 | 1 | 4 |
_aاللإرهاب _2qrmak |
| 651 | 1 | _2qrmak | |
| 856 | 4 | 0 | _uhttps://fll.law.cu.edu.eg/fulltext/bks/B10-06183.pdf |
| 905 |
_a17 _eYara |
||
| 942 |
_2ddc _n0 _cBK _e21 |
||
| 999 |
_c67086 _d67086 |
||